[Event "Saint John op-2"]
[Site "Saint John CAN"]
[Date "1988.??.??"]
[Round "?"]
[White "Djuric, Stefan"]
[Black "Izrailov, Inna"]
[Result "1-0"]
[WhiteElo "2475"]
[BlackElo "2205"]
[PlyCount "89"]
[GameId "2160767912586631"]
[EventDate "1988.02.08"]
[EventType "swiss"]
[EventRounds "9"]
[EventCountry "CAN"]
[SourceTitle "CBM 06"]

1. e4 c5 2. Nf3 d6 3. d4 cxd4 4. Nxd4 Nf6 5. Nc3 Nc6 6. f4 Bd7 7. Nf3 e6 8. Bd3 Qb6 9. a3 a6 10. Qe2 Be7 11. Be3 Qxb2 12. Kd2 Na5 13. Rhb1 Nb3+ 14. Kd1 Qxc3 15. cxb3 O-O 16. Ra2 Rac8 17. Bd4 Qa5 18. Qd2 Qxd2+ 19. Nxd2 Bc6 20. Ke2 d5 21. e5 Nh5 22. Ke3 f6 23. g3 g5 24. Nf3 gxf4+ 25. gxf4 f5 26. a4 Bb4 27. Rg1+ Kh8 28. Rag2 Be7 29. Be2 h6 30. Rg6 Kh7 31. Rxe6 Rc7 32. Rxe7+ Rxe7 33. Bc5 Rfe8 34. Bxe7 Rxe7 35. Nd4 Ng7 36. Bd3 Bd7 37. Rc1 Be6 38. Nxe6 Rxe6 39. Rc7 Rb6 40. Bxf5+ Kg8 41. Bc2 Ne6 42. Rc8+ Kg7 43. f5 d4+ 44. Ke4 d3 45. Kxd3 1-0

[Event "Saint John op-2"]
[Site "Saint John CAN"]
[Date "1988.??.??"]
[Round "?"]
[White "Djuric, Stefan"]
[Black "Nogueiras, Jesus"]
[Result "0-1"]
[WhiteElo "2475"]
[BlackElo "2560"]
[PlyCount "84"]
[GameId "2160767912586633"]
[EventDate "1988.02.08"]
[EventType "swiss"]
[EventRounds "9"]
[EventCountry "CAN"]
[SourceTitle "CBM 006"]
[Source "ChessBase"]
[SourceDate "2004.01.01"]
[SourceVersion "1"]
[SourceVersionDate "2004.01.01"]
[SourceQuality "1"]

1. c4 e6 2. Nc3 d5 3. d4 c6 4. Nf3 Nf6 5. cxd5 exd5 6. Bg5 Be7 7. Qc2 Nbd7 8. e3 O-O 9. Bd3 Re8 10. O-O Nf8 11. Bxf6 Bxf6 12. h3 Be6 13. b4 Rc8 14. Rac1 g6 15. Na4 Be7 16. Nc5 Bxc5 17. dxc5 Rc7 18. Qb2 Qe7 19. Rfe1 Bc8 20. e4 dxe4 21. Rxe4 Be6 22. Rce1 Qd8 23. Bc4 Rce7 24. Ne5 h5 25. Rd4 Qc7 26. Re3 Bxc4 27. Nxc4 Rxe3 28. Nxe3 Qe5 29. Qd2 a5 30. a3 Ne6 31. Rd7 Qa1+ 32. Kh2 Qxa3 33. Rxb7 axb4 34. Qd7 Rf8 35. Qd2 b3 36. Qc3 Nxc5 37. Rb4 Qa7 38. Qf6 Qd7 39. Rc4 Qd8 40. Qb2 Qb8+ 41. f4 Nd3 42. Qf6 Nxf4 0-1

[Event "Saint John op-2"]
[Site "Saint John CAN"]
[Date "1988.??.??"]
[Round "?"]
[White "Djuric, Stefan"]
[Black "Polaczek, Richard"]
[Result "1/2-1/2"]
[WhiteElo "2475"]
[BlackElo "2280"]
[PlyCount "120"]
[GameId "2160767912586634"]
[EventDate "1988.02.08"]
[EventType "swiss"]
[EventRounds "9"]
[EventCountry "CAN"]
[SourceTitle "CBM 06"]

1. Nf3 Nf6 2. c4 e6 3. g3 d5 4. Bg2 dxc4 5. Qa4+ Nbd7 6. Qxc4 c5 7. Qb3 Rb8 8. O-O Bd6 9. Nc3 a6 10. d4 O-O 11. Bg5 b5 12. Rfd1 Qb6 13. Be3 Ng4 14. Bf4 c4 15. Qc2 e5 16. Nd5 Qa7 17. Ng5 f5 18. Be3 Nxe3 19. Nxe3 Nb6 20. dxe5 Bxe5 21. Nf3 Bf6 22. Nd4 Bxd4 23. Rxd4 Be6 24. Rad1 Qe7 25. Rd6 f4 26. Qe4 fxe3 27. Qxe3 Rfe8 28. Rxb6 Rxb6 29. Qxb6 Bg4 30. Bf3 Bxf3 31. exf3 h6 32. Qc6 Qe2 33. Qd5+ Kh8 34. Rd2 Qe1+ 35. Kg2 Kh7 36. Qf5+ Kh8 37. Qd7 Re7 38. Qd6 Kh7 39. Qf4 Re8 40. Rd7 Qe5 41. Qd2 Qe2 42. Qc3 Qe5 43. Qc2+ Kh8 44. Ra7 Qf6 45. Qd2 Rd8 46. Qe2 Qd6 47. Qe4 Qd4 48. Qe7 Rb8 49. b3 c3 50. Rxa6 Rc8 51. Qe6 Qc5 52. b4 Qc4 53. Qe5 c2 54. Rxh6+ Kg8 55. Rg6 Rc7 56. Qe8+ Kh7 57. Rg5 c1=Q 58. Qh5+ Kg8 59. Qe8+ Kh7 60. Qg6+ Kg8 1/2-1/2

[Event "Saint John op-2"]
[Site "Saint John CAN"]
[Date "1988.??.??"]
[Round "?"]
[White "Dvoretzky, Mark"]
[Black "Scholseth, Tor Kristian"]
[Result "0-1"]
[WhiteElo "2475"]
[BlackElo "2265"]
[PlyCount "64"]
[GameId "2160767912586635"]
[EventDate "1988.02.08"]
[EventType "swiss"]
[EventRounds "9"]
[EventCountry "CAN"]
[SourceTitle "CBM 06"]

1. e4 c5 2. Nf3 d6 3. Bb5+ Nd7 4. d4 Ngf6 5. Nc3 cxd4 6. Qxd4 e6 7. Bg5 Be7 8. O-O-O O-O 9. Rhe1 Qa5 10. Bxd7 Bxd7 11. Bxf6 gxf6 12. e5 fxe5 13. Nxe5 Bc6 14. Rd3 dxe5 15. Qg4+ Kh8 16. Qh5 Rg8 17. Qxf7 Rg7 18. Qxe6 Bg5+ 19. Kb1 Re8 20. Qf5 Qc7 21. Ne4 Bxe4 22. Rxe4 Qf7 23. Qxf7 Rxf7 24. f3 Rf4 25. Re1 Re7 26. c3 e4 27. fxe4 Rfxe4 28. Rxe4 Rxe4 29. g3 Re1+ 30. Kc2 Re2+ 31. Kb3 Rxh2 32. Rd7 Bc1 0-1

[Event "Saint John op-2"]
[Site "Saint John CAN"]
[Date "1988.??.??"]
[Round "?"]
[White "Dzindzichashvili, Roman"]
[Black "Davies, Nigel Rodney"]
[Result "1-0"]
[WhiteElo "2530"]
[BlackElo "2450"]
[PlyCount "67"]
[GameId "2160767912586636"]
[EventDate "1988.02.08"]
[EventType "swiss"]
[EventRounds "9"]
[EventCountry "CAN"]
[SourceTitle "CBM 006"]
[Source "ChessBase"]
[SourceDate "2004.01.01"]
[SourceVersion "1"]
[SourceVersionDate "2004.01.01"]
[SourceQuality "1"]

1. d4 d6 2. Nf3 g6 3. c4 Bg7 4. Nc3 Nf6 5. Bf4 O-O 6. e3 c5 7. h3 Qa5 8. Qd2 cxd4 9. exd4 Nc6 10. d5 Nb4 11. Be2 b5 12. O-O bxc4 13. Bxc4 Ba6 14. Bxa6 Nxa6 15. a3 Rfc8 16. Bh6 Qc7 17. Bxg7 Kxg7 18. Rae1 Qb7 19. b4 Re8 20. Nd4 Rac8 21. Qg5 Ng8 22. Re3 Rc4 23. Nf5+ Kf8 24. Rfe1 Qd7 25. Nh4 Rec8 26. Ne4 Nc7 27. Rf3 Ne8 28. Nf5 Nef6 29. Nfxd6 h6 30. Qe3 exd6 31. Nxf6 Nxf6 32. Qxh6+ Kg8 33. Rxf6 Rc3 34. Ree6 1-0

[Event "Saint John op-2"]
[Site "Saint John CAN"]
[Date "1988.??.??"]
[Round "?"]
[White "Dzindzichashvili, Roman"]
[Black "Lein, Anatoly"]
[Result "1/2-1/2"]
[WhiteElo "2530"]
[BlackElo "2475"]
[PlyCount "77"]
[GameId "2160767912586640"]
[EventDate "1988.02.08"]
[EventType "swiss"]
[EventRounds "9"]
[EventCountry "CAN"]
[SourceTitle "CBM 06"]

1. d4 Nf6 2. c4 e6 3. Nf3 Bb4+ 4. Nbd2 O-O 5. e3 Re8 6. Be2 Bf8 7. O-O d6 8. e4 e5 9. d5 Nbd7 10. Ne1 Nc5 11. f3 a5 12. Nb3 Nfd7 13. Be3 Be7 14. Qd2 b6 15. Nc1 h6 16. b3 Bg5 17. a3 Nf8 18. Nc2 Ng6 19. b4 axb4 20. axb4 Rxa1 21. Nxa1 Nd7 22. Nc2 Nf4 23. Nd3 Nxe2+ 24. Qxe2 Nf8 25. Bxg5 hxg5 26. Ra1 Bd7 27. Ne3 Ng6 28. g3 Ne7 29. Qd2 f5 30. Nd1 Ng6 31. N1f2 Rf8 32. Ra7 fxe4 33. fxe4 Nh8 34. Kg2 Nf7 35. h3 Nh6 36. Qe2 Qb8 37. Ra1 Qc8 38. Qh5 g4 39. h4 1/2-1/2

[Event "Saint John op-2"]
[Site "Saint John CAN"]
[Date "1988.??.??"]
[Round "?"]
[White "Ehlvest, Jaan"]
[Black "Ardaman, Miles"]
[Result "1-0"]
[WhiteElo "2585"]
[BlackElo "2430"]
[PlyCount "53"]
[GameId "2160767912586641"]
[EventDate "1988.02.08"]
[EventType "swiss"]
[EventRounds "9"]
[EventCountry "CAN"]
[SourceTitle "CBM 06"]

1. d4 Nf6 2. Nf3 c5 3. d5 e6 4. c4 exd5 5. cxd5 d6 6. Nc3 g6 7. Nd2 Bg7 8. e4 O-O 9. Be2 Nbd7 10. O-O Re8 11. a4 Ne5 12. Ra3 g5 13. Qc2 Nfd7 14. Nd1 Nf8 15. Bb5 Re7 16. Ne3 Nfg6 17. Nf5 Rc7 18. Nxg7 Kxg7 19. Nc4 h6 20. Nxe5 Nxe5 21. f4 gxf4 22. Bxf4 Ng6 23. Rg3 Qe7 24. Qc1 h5 25. Bg5 Qxe4 26. Bf6+ Kh7 27. Qg5 1-0

[Event "Saint John op-2"]
[Site "Saint John CAN"]
[Date "1988.??.??"]
[Round "?"]
[White "Ehlvest, Jaan"]
[Black "Lalic, Bogdan"]
[Result "1-0"]
[WhiteElo "2585"]
[BlackElo "2495"]
[PlyCount "60"]
[GameId "2160767912586642"]
[EventDate "1988.02.08"]
[EventType "swiss"]
[EventRounds "9"]
[EventCountry "CAN"]
[SourceTitle "CBM 06"]

1. e4 e5 2. Nf3 Nc6 3. Bb5 Nd4 4. Nxd4 exd4 5. O-O Bc5 6. Bc4 d6 7. c3 Ne7 8. cxd4 Bxd4 9. Qa4+ Nc6 10. Bb5 Bf6 11. Bxc6+ bxc6 12. Qxc6+ Bd7 13. Qc2 O-O 14. d3 d5 15. Nc3 dxe4 16. dxe4 Bc6 17. Ne2 Qe8 18. f3 Bb5 19. Be3 Rb8 20. Rfb1 Ba4 21. Qc1 Bb5 22. Nf4 Qc6 23. Qe1 Bc4 24. Qf2 Be5 25. b3 Bxa1 26. Rxa1 Be6 27. Rc1 Qd6 28. Nh5 Rfd8 29. h3 Rb5 30. Ng3 a5 1-0

[Event "Saint John op-2"]
[Site "Saint John CAN"]
[Date "1988.??.??"]
[Round "?"]
[White "Ehlvest, Jaan"]
[Black "Olafsson, Helgi"]
[Result "1/2-1/2"]
[WhiteElo "2585"]
[BlackElo "2510"]
[PlyCount "146"]
[GameId "2160767912586643"]
[EventDate "1988.02.08"]
[EventType "swiss"]
[EventRounds "9"]
[EventCountry "CAN"]
[SourceTitle "CBM 06"]

1. e4 c5 2. Nf3 d6 3. d4 cxd4 4. Nxd4 Nf6 5. Nc3 a6 6. Bc4 e6 7. Bb3 b5 8. O-O Be7 9. Qf3 Qc7 10. Re1 O-O 11. Qg3 Re8 12. a3 Nc6 13. Nxc6 Qxc6 14. Bh6 Bf8 15. Rad1 Bb7 16. Rd3 Kh8 17. Qh4 Nd7 18. Bc1 Ne5 19. Rh3 h6 20. Qh5 Qc7 21. Rg3 g6 22. Qh4 h5 23. Bg5 Kh7 24. Rf1 Nc4 25. Bf6 Be7 26. Bxc4 bxc4 27. Rd1 Rad8 28. Re3 Kg8 29. Re2 Bxf6 30. Qxf6 Rd7 31. Qd4 e5 32. Qe3 Rb8 33. b4 cxb3 34. cxb3 Rc8 35. Na4 Rdd8 36. f3 d5 37. exd5 Rxd5 38. Rxd5 Bxd5 39. Nb6 Qc1+ 40. Kf2 Qxe3+ 41. Kxe3 Rc3+ 42. Kd2 Bxf3 43. gxf3 Rxb3 44. Nc4 Rxf3 45. Rxe5 Rh3 46. Re2 Kg7 47. a4 h4 48. a5 f5 49. Ne3 Rf3 50. Ke1 Kh6 51. Nc2 Rc3 52. Nb4 Ra3 53. Ra2 Re3+ 54. Kf2 Re6 55. Rd2 Kg5 56. h3 Re4 57. Rb2 Rc4 58. Nxa6 Ra4 59. Rb5 Ra2+ 60. Kg1 Ra1+ 61. Kf2 Ra2+ 62. Kg1 Ra1+ 63. Kg2 Ra2+ 64. Kf1 Ra1+ 65. Ke2 Ra2+ 66. Ke1 Ra1+ 67. Ke2 Ra2+ 68. Ke1 Ra1+ 69. Kd2 Ra3 70. Nb4 Rxh3 71. Kc2 Rh2+ 72. Kd3 Rh3+ 73. Kd2 Rh2+ 1/2-1/2

[Event "Saint John op-2"]
[Site "Saint John CAN"]
[Date "1988.??.??"]
[Round "?"]
[White "Ehlvest, Jaan"]
[Black "Tal, Mikhail"]
[Result "1/2-1/2"]
[WhiteElo "2585"]
[BlackElo "2630"]
[PlyCount "29"]
[GameId "2160767912586645"]
[EventDate "1988.02.08"]
[EventType "swiss"]
[EventRounds "9"]
[EventCountry "CAN"]
[SourceTitle "CBM 06"]

1. e4 c6 2. d4 d5 3. Nd2 dxe4 4. Nxe4 Nd7 5. Bc4 Ngf6 6. Nxf6+ Nxf6 7. c3 Qc7 8. Nf3 Bg4 9. h3 Bh5 10. O-O e6 11. Be2 Bd6 12. Nd2 Bxe2 13. Qxe2 O-O 14. Ne4 Nxe4 15. Qxe4 1/2-1/2

[Event "Saint John op-2"]
[Site "Saint John CAN"]
[Date "1988.??.??"]
[Round "?"]
[White "Eingorn, Vereslav"]
[Black "Davies, Nigel Rodney"]
[Result "1/2-1/2"]
[WhiteElo "2570"]
[BlackElo "2450"]
[PlyCount "40"]
[GameId "2160767912586646"]
[EventDate "1988.02.08"]
[EventType "swiss"]
[EventRounds "9"]
[EventCountry "CAN"]
[SourceTitle "CBM 006"]
[Source "ChessBase"]
[SourceDate "2004.01.01"]
[SourceVersion "1"]
[SourceVersionDate "2004.01.01"]
[SourceQuality "1"]

1. d4 d6 2. c4 e5 3. Nf3 e4 4. Ng5 f5 5. Nh3 Nf6 6. Nc3 c6 7. Bg5 h6 8. Bxf6 Qxf6 9. e3 g5 10. Be2 Bg7 11. Bh5+ Kd8 12. O-O Qe7 13. Kh1 Nd7 14. b4 Nf6 15. Rc1 Be6 16. d5 cxd5 17. Nxd5 Nxd5 18. cxd5 Bd7 19. Ng1 Rc8 20. Qb3 Qe5 1/2-1/2

[Event "Saint John op-2"]
[Site "Saint John CAN"]
[Date "1988.??.??"]
[Round "?"]
[White "Eingorn, Vereslav"]
[Black "Martinovsky, Eugene"]
[Result "1-0"]
[WhiteElo "2570"]
[BlackElo "2295"]
[PlyCount "59"]
[GameId "2160767912586647"]
[EventDate "1988.02.08"]
[EventType "swiss"]
[EventRounds "9"]
[EventCountry "CAN"]
[SourceTitle "CBM 006"]
[Source "ChessBase"]
[SourceDate "2004.01.01"]
[SourceVersion "1"]
[SourceVersionDate "2004.01.01"]
[SourceQuality "1"]

1. d4 Nf6 2. Nf3 g6 3. c4 Bg7 4. Nc3 d5 5. Bf4 c6 6. e3 O-O 7. Be2 dxc4 8. Bxc4 Bg4 9. h3 Bxf3 10. Qxf3 Nbd7 11. O-O Qa5 12. Rab1 e5 13. b4 Qc7 14. Bh2 Rae8 15. Rfc1 Qd8 16. b5 Nb6 17. Bb3 exd4 18. exd4 Nfd5 19. bxc6 Nxc3 20. Rxc3 bxc6 21. Rxc6 Qd7 22. Rc7 Qxd4 23. Rxf7 Kh8 24. Bg3 Nc4 25. Rd1 Nd2 26. Rxf8+ Rxf8 27. Qe2 Rd8 28. Bc7 Qd3 29. Qe1 Bc3 30. Be5+ 1-0

[Event "Saint John op-2"]
[Site "Saint John CAN"]
[Date "1988.??.??"]
[Round "?"]
[White "Eingorn, Vereslav"]
[Black "Salman, Nachum"]
[Result "1-0"]
[WhiteElo "2570"]
[BlackElo "2215"]
[PlyCount "93"]
[GameId "2160767912586648"]
[EventDate "1988.02.08"]
[EventType "swiss"]
[EventRounds "9"]
[EventCountry "CAN"]
[SourceTitle "CBM 006"]
[Source "ChessBase"]
[SourceDate "2004.01.01"]
[SourceVersion "1"]
[SourceVersionDate "2004.01.01"]
[SourceQuality "1"]

1. d4 g6 2. e4 Bg7 3. c4 d6 4. Nc3 c6 5. Be3 a6 6. Bd3 b5 7. Nge2 Nf6 8. f3 bxc4 9. Bxc4 d5 10. Bb3 e6 11. O-O O-O 12. Bg5 Qc7 13. Rc1 Qa7 14. Kh1 h6 15. Bh4 Nbd7 16. e5 Nh7 17. Na4 Bb7 18. Be7 Rfe8 19. Bd6 Bf8 20. Bxf8 Nhxf8 21. Qd2 Kg7 22. Qa5 Rac8 23. f4 Ba8 24. Bd1 Rb8 25. Qd2 Nb6 26. Nec3 Nfd7 27. b3 Rec8 28. Qe3 Nxa4 29. Nxa4 Rb4 30. Nc5 Nxc5 31. Rxc5 Rb5 32. g4 Rxc5 33. dxc5 Rd8 34. Qd4 Qe7 35. f5 Qh4 36. fxe6 fxe6 37. Qf4 Qe7 38. Bc2 d4 39. Bd3 Rd5 40. g5 hxg5 41. Qe4 Qe8 42. b4 Rd7 43. Rf6 Kg8 44. Rxg6+ Rg7 45. Rxg7+ Kxg7 46. Qh7+ Kf8 47. Bg6 1-0

[Event "Saint John op-2"]
[Site "Saint John CAN"]
[Date "1988.??.??"]
[Round "?"]
[White "Eingorn, Vereslav"]
[Black "Scholseth, Tor Kristian"]
[Result "1-0"]
[WhiteElo "2570"]
[BlackElo "2320"]
[PlyCount "65"]
[GameId "2160767912586649"]
[EventDate "1988.02.08"]
[EventType "swiss"]
[EventRounds "9"]
[EventCountry "CAN"]
[SourceTitle "CBM 006"]
[Source "ChessBase"]
[SourceDate "2004.01.01"]
[SourceVersion "1"]
[SourceVersionDate "2004.01.01"]
[SourceQuality "1"]

1. Nf3 Nf6 2. c4 g6 3. Nc3 Bg7 4. e4 d6 5. d4 O-O 6. Be2 e5 7. O-O Nc6 8. d5 Ne7 9. Nd2 a5 10. Rb1 Nd7 11. a3 Bh6 12. b4 b6 13. bxa5 bxa5 14. a4 f5 15. Ba3 Kh8 16. Bd3 Ng8 17. Nb3 Ndf6 18. exf5 gxf5 19. c5 Rf7 20. Nd2 Rg7 21. cxd6 cxd6 22. Nc4 Bf4 23. Bxd6 Ne4 24. Bxe4 fxe4 25. Nxe4 Bxh2+ 26. Kxh2 Qh4+ 27. Kg1 Qxe4 28. f3 Qxc4 29. Bxe5 Ba6 30. Re1 Rd8 31. d6 Qf7 32. Qd4 Nh6 33. Qh4 1-0

[Event "Saint John op-2"]
[Site "Saint John CAN"]
[Date "1988.??.??"]
[Round "?"]
[White "Finegold, Gina Lynne"]
[Black "Martinovsky, Eugene"]
[Result "0-1"]
[WhiteElo "2060"]
[BlackElo "2295"]
[PlyCount "90"]
[GameId "2160767912586656"]
[EventDate "1988.02.08"]
[EventType "swiss"]
[EventRounds "9"]
[EventCountry "CAN"]
[SourceTitle "CBM 006"]
[Source "ChessBase"]
[SourceDate "2004.01.01"]
[SourceVersion "1"]
[SourceVersionDate "2004.01.01"]
[SourceQuality "1"]

1. d4 Nf6 2. c4 g6 3. Nc3 d5 4. Nf3 Bg7 5. g3 dxc4 6. Qa4+ Nfd7 7. Bg2 Nc6 8. Qxc4 Nb6 9. Qb3 Nxd4 10. Nxd4 Bxd4 11. O-O Bg7 12. Rd1 Nd7 13. Bxb7 Rb8 14. Bxc8 Rxb3 15. Bxd7+ Qxd7 16. Rxd7 Rxc3 17. Rxe7+ Kxe7 18. bxc3 Bxc3 19. Ba3+ Kd7 20. Rd1+ Kc8 21. Rd3 Ba1 22. Bc5 a6 23. Re3 Rd8 24. Re7 Rd7 25. e4 Rxe7 26. Bxe7 Kd7 27. Ba3 Kc6 28. f4 Kb5 29. Kf2 Kc4 30. e5 Bd4+ 31. Kf3 Kd5 32. Bc1 c5 33. Kg4 h5+ 34. Kg5 Ke6 35. h3 c4 36. g4 hxg4 37. hxg4 c3 38. Kh6 Bf2 39. Kg7 Be1 40. f5+ gxf5 41. gxf5+ Kxf5 42. Kxf7 Kxe5 43. Ke7 Bd2 44. Ba3 Kd5 45. Kd7 Bf4 0-1

[Event "Saint John op-2"]
[Site "Saint John CAN"]
[Date "1988.??.??"]
[Round "?"]
[White "Finegold, Gina Lynne"]
[Black "Thorsteins, Karl"]
[Result "0-1"]
[WhiteElo "2060"]
[BlackElo "2445"]
[PlyCount "60"]
[GameId "2160767912586657"]
[EventDate "1988.02.08"]
[EventType "swiss"]
[EventRounds "9"]
[EventCountry "CAN"]
[SourceTitle "CBM 006"]
[Source "ChessBase"]
[SourceDate "2004.01.01"]
[SourceVersion "1"]
[SourceVersionDate "2004.01.01"]
[SourceQuality "1"]

1. d4 Nf6 2. c4 g6 3. Nc3 d5 4. Nf3 Bg7 5. g3 dxc4 6. Qa4+ Nfd7 7. Qxc4 Nb6 8. Qb3 O-O 9. Bf4 Nc6 10. Rd1 a5 11. d5 a4 12. Qc2 Nb4 13. Qe4 Na6 14. Qc2 a3 15. bxa3 Nc4 16. Qb3 Na5 17. Qc2 Nc4 18. Qb3 Nd6 19. Bg2 c5 20. dxc6 Be6 21. Qc2 bxc6 22. O-O Qb6 23. Be5 Bxe5 24. Nxe5 Nb8 25. a4 Ra5 26. Nd3 Na6 27. Rb1 Qc7 28. Nf4 Bf5 29. e4 Bd7 30. Nb5 cxb5 0-1

[Event "Saint John op-2"]
[Site "Saint John CAN"]
[Date "1988.??.??"]
[Round "?"]
[White "Foisor, Ovidiu"]
[Black "Davies, Nigel Rodney"]
[Result "0-1"]
[WhiteElo "2495"]
[BlackElo "2450"]
[PlyCount "86"]
[GameId "2160767912586658"]
[EventDate "1988.02.08"]
[EventType "swiss"]
[EventRounds "9"]
[EventCountry "CAN"]
[SourceTitle "CBM 006"]
[Source "ChessBase"]
[SourceDate "2004.01.01"]
[SourceVersion "1"]
[SourceVersionDate "2004.01.01"]
[SourceQuality "1"]

1. d4 Nf6 2. c4 g6 3. Nc3 d5 4. Nf3 Bg7 5. Bg5 dxc4 6. e3 c5 7. Bxc4 cxd4 8. Nxd4 O-O 9. O-O a6 10. Be2 b5 11. Bf3 Ra7 12. Qb3 Bb7 13. Rfd1 Bxf3 14. Nxf3 Qc8 15. Rac1 Rc7 16. e4 e6 17. Bf4 Rc4 18. Ne5 Rc5 19. Nd3 Rc4 20. Bd6 Rd8 21. Ne5 Rxd6 22. Rxd6 Ne8 23. Nxc4 bxc4 24. Qb6 Nxd6 25. Qxd6 Nc6 26. Rd1 Qb7 27. h3 Be5 28. Qa3 Nb4 29. Qa4 Kg7 30. Qd7 Qb6 31. Na4 Qb5 32. Nc3 Qb6 33. Rd2 Nd3 34. Nd1 Qa5 35. Re2 Qxa2 36. g3 Qb1 37. Qa4 Nxb2 38. Rxb2 Bxb2 39. Kh2 Be5 40. Ne3 c3 41. Nc2 Qf1 42. f4 Qf2+ 43. Kh1 Bd6 0-1

[Event "Saint John op-2"]
[Site "Saint John CAN"]
[Date "1988.??.??"]
[Round "?"]
[White "Foisor, Ovidiu"]
[Black "Ehlvest, Jaan"]
[Result "0-1"]
[WhiteElo "2495"]
[BlackElo "2585"]
[PlyCount "116"]
[GameId "2160767912586659"]
[EventDate "1988.02.08"]
[EventType "swiss"]
[EventRounds "9"]
[EventCountry "CAN"]
[SourceTitle "CBM 006"]
[Source "ChessBase"]
[SourceDate "2004.01.01"]
[SourceVersion "1"]
[SourceVersionDate "2004.01.01"]
[SourceQuality "1"]

1. d4 Nf6 2. c4 g6 3. Nf3 Bg7 4. g3 O-O 5. Bg2 d5 6. cxd5 Nxd5 7. O-O Nb6 8. Nc3 Nc6 9. e3 Re8 10. Ne1 a5 11. Nd3 Nb4 12. Nc5 c6 13. a3 Na6 14. Nd3 Be6 15. Re1 Bc4 16. Rb1 a4 17. Ne4 Nd7 18. Qc2 Ba2 19. Ra1 Bb3 20. Qe2 Bc4 21. Qc2 Bb3 22. Qe2 e5 23. Nd6 Re6 24. Nxb7 Qc7 25. Nbc5 Ndxc5 26. Nxc5 Nxc5 27. dxc5 e4 28. Bd2 Bxb2 29. Bb4 Bxa1 30. Rxa1 Qe5 31. Rc1 Rd8 32. h4 Rd3 33. Bf1 Re8 34. Qe1 Rd7 35. Be2 h6 36. Kg2 Kh7 37. Bg4 Be6 38. Be2 Rg8 39. Bd1 Ra8 40. Be2 Rg8 41. Bd1 Ra8 42. Be2 h5 43. Rd1 Rxd1 44. Qxd1 Bg4 45. Bxg4 hxg4 46. Qd7 Qe6 47. Qd4 Qd5 48. Qf6 Qf5 49. Qd6 Ra7 50. Be1 Rd7 51. Qb8 Rd1 52. Qb4 Qd5 53. Qc3 Rb1 54. Kh2 Kg8 55. Qa5 Qd1 56. h5 Qxe1 57. Qd8+ Kg7 58. h6+ Kh7 0-1

[Event "Saint John op-2"]
[Site "Saint John CAN"]
[Date "1988.??.??"]
[Round "?"]
[White "Fong, Juan"]
[Black "Ardaman, Miles"]
[Result "0-1"]
[WhiteElo "2220"]
[BlackElo "2430"]
[PlyCount "80"]
[GameId "2160767912586662"]
[EventDate "1988.02.08"]
[EventType "swiss"]
[EventRounds "9"]
[EventCountry "CAN"]
[SourceTitle "CBM 006"]
[Source "ChessBase"]
[SourceDate "2004.01.01"]
[SourceVersion "1"]
[SourceVersionDate "2004.01.01"]
[SourceQuality "1"]

1. e4 e6 2. d4 d5 3. Nc3 Nf6 4. e5 Nfd7 5. f4 c5 6. Nf3 Nc6 7. Be3 Qb6 8. Na4 Qa5+ 9. c3 cxd4 10. b4 Qc7 11. Nxd4 Be7 12. Bd3 g6 13. O-O b6 14. Nb5 Qb8 15. Qe2 O-O 16. Nd4 Bb7 17. Qg4 Ncxe5 18. fxe5 Nxe5 19. Qe2 Nxd3 20. Qxd3 Bd6 21. Bh6 Re8 22. Qf3 f5 23. h3 Qc8 24. Rae1 Qd7 25. Nb2 e5 26. Nxf5 Qxf5 27. Qxf5 gxf5 28. Rxf5 Re6 29. Bf4 Rg6 30. Bxe5 Bxe5 31. Rfxe5 d4 32. g4 dxc3 33. Nd3 Rd6 34. Rg5+ Kh8 35. Ne5 Bd5 36. Rc1 Rc8 37. Kf2 Bxa2 38. Ra1 c2 39. Rxa2 Rf6+ 40. Kg3 c1=Q 0-1

[Event "Saint John op-2"]
[Site "Saint John CAN"]
[Date "1988.??.??"]
[Round "?"]
[White "Fong, Juan"]
[Black "Kuczynski, Robert"]
[Result "1/2-1/2"]
[WhiteElo "2220"]
[BlackElo "2485"]
[PlyCount "135"]
[GameId "2160767912586663"]
[EventDate "1988.02.08"]
[EventType "swiss"]
[EventRounds "9"]
[EventCountry "CAN"]
[SourceTitle "CBM 006"]
[Source "ChessBase"]
[SourceDate "2004.01.01"]
[SourceVersion "1"]
[SourceVersionDate "2004.01.01"]
[SourceQuality "1"]

1. e4 c5 2. Nf3 d6 3. c3 Nf6 4. Be2 Bg4 5. O-O e6 6. e5 Nfd7 7. exd6 Bxd6 8. d4 O-O 9. Nbd2 Nc6 10. Ne4 Be7 11. Be3 cxd4 12. Nxd4 Bxe2 13. Qxe2 Nxd4 14. cxd4 Nf6 15. Nc5 Qd5 16. Rfc1 Rac8 17. b4 b6 18. Nd3 Qb5 19. a3 Nd5 20. Nf4 Qxe2 21. Nxe2 Rfd8 22. Kf1 a6 23. Rxc8 Rxc8 24. Rc1 Rxc1+ 25. Bxc1 Kf8 26. Ke1 Ke8 27. Kd2 Kd7 28. Kd3 Kc6 29. Kc4 f5 30. Nc3 b5+ 31. Kd3 Nxc3 32. Kxc3 Kd5 33. Kd3 Bf6 34. Bb2 g5 35. f3 Bd8 36. Bc1 h6 37. h4 Bb6 38. hxg5 hxg5 39. Bb2 a5 40. Bc3 axb4 41. axb4 Ba7 42. g4 Bb6 43. Bd2 Bd8 44. Bc3 Bf6 45. Bb2 Bd8 46. Bc3 Bf6 47. Bb2 Kd6 48. Bc3 Ke7 49. Bb2 Kf7 50. Bc3 Kg6 51. Bb2 Bd8 52. Bc3 Bb6 53. Bb2 Bd8 54. Bc3 Be7 55. Bd2 Kf7 56. Bc3 Bd6 57. Bd2 Kf6 58. Bc3 Bc7 59. Bb2 Bb8 60. Ba1 Ke7 61. Bc3 Bf4 62. Bd2 Bxd2 63. Kxd2 Kd6 64. Ke2 Kd5 65. Kd3 fxg4 66. fxg4 e5 67. dxe5 Kxe5 68. Ke3 1/2-1/2

[Event "Saint John op-2"]
[Site "Saint John CAN"]
[Date "1988.??.??"]
[Round "?"]
[White "Fong, Juan"]
[Black "Salman, Nachum"]
[Result "0-1"]
[WhiteElo "2220"]
[BlackElo "2215"]
[PlyCount "71"]
[GameId "2160767912586664"]
[EventDate "1988.02.08"]
[EventType "swiss"]
[EventRounds "9"]
[EventCountry "CAN"]
[SourceTitle "CBM 006"]
[Source "ChessBase"]
[SourceDate "2004.01.01"]
[SourceVersion "1"]
[SourceVersionDate "2004.01.01"]
[SourceQuality "1"]

1. e4 g6 2. d4 Bg7 3. Be2 d6 4. h3 Nf6 5. Nc3 O-O 6. Nf3 a6 7. a4 Nc6 8. O-O e5 9. Re1 Re8 10. dxe5 dxe5 11. Bg5 Be6 12. Bf1 h6 13. Be3 Kh7 14. Bc5 Nh5 15. Qxd8 Raxd8 16. Rad1 Nf4 17. Kh2 Bf8 18. Bxf8 Rxf8 19. g3 Nh5 20. Nd5 Rc8 21. c3 f5 22. Bg2 fxe4 23. Rxe4 Bxd5 24. Rxd5 Nf6 25. Rh4 Kg7 26. Rd2 e4 27. Nd4 Nxd4 28. cxd4 g5 29. Rxe4 Nxe4 30. Bxe4 c6 31. b4 Rc7 32. f3 Rd7 33. b5 axb5 34. axb5 c5 35. d5 b6 36. Ra2 0-1